La Constitución de un nuevo bloque histórico en Guatemala
Estudio sobre la coyuntura específica que se produce a raíz del proceso electoral en Guatemala, demuestra que la contratación entre las fuerzas productivas y las relaciones sociales de producción, han entrado en una etapa de agudización que necesariamente conducirá a un reacomodo superestrutural den...
Uloženo v:
| Hlavní autor: | |
|---|---|
| Médium: | Text |
| Vydáno: |
Guatemala :
|
| Témata: | |
| Tagy: |
Přidat tag
Žádné tagy, Buďte první, kdo vytvoří štítek k tomuto záznamu!
|
MARC
| LEADER | 00000 a a2200000 04500 | ||
|---|---|---|---|
| 001 | 15645 | ||
| 003 | |||
| 040 | |a CRAI/IIS |c CRAI/IIS | ||
| 090 | |a 029700 | ||
| 100 | |a Solórzano Martínez, Mario | ||
| 245 | |a La Constitución de un nuevo bloque histórico en Guatemala | ||
| 260 | |a Guatemala : | ||
| 300 | |a 81 p | ||
| 520 | |a Estudio sobre la coyuntura específica que se produce a raíz del proceso electoral en Guatemala, demuestra que la contratación entre las fuerzas productivas y las relaciones sociales de producción, han entrado en una etapa de agudización que necesariamente conducirá a un reacomodo superestrutural dentro del sistema, lo que dará como resultado la constitución de un nuevo bloque histórico en Guatemala./ALLV | ||
| 650 | |a GRUPOS DE INTERESES | ||
| 650 | |a PODER POLITICO | ||
| 650 | |a COMORTAMIENTO POLITICO | ||
| 650 | |a BLOQUE EN EL PODER | ||
| 999 | |c 17102 |d 17102 | ||
